La escuela de la anarquía / (Record no. 67019)

MARC details
000 -LEADER
campo de control de longitud fija 00796nam a2200253 i 4500
001 - NÚMERO DE CONTROL
campo de control 67019
003 - IDENTIFICADOR DE NÚMERO DE CONTROL
campo de control ES-MaACL
005 - FECHA Y HORA DE LA ÚLTIMA TRANSACCIÓN
campo de control 20250910202552.0
007 - CAMPO FIJO DE DESCRIPCIÓN FÍSICA--INFORMACIÓN GENERAL
campo de control de longitud fija t|
008 - DATOS DE LONGITUD FIJA--INFORMACIÓN GENERAL
campo de control de longitud fija 040430s1993 sp ||||1| spa d
020 ## - NÚMERO INTERNACIONAL ESTÁNDAR DEL LIBRO
Número Internacional Estándar del Libro 84-87169-55-4
080 ## - NÚMERO DE LA CLASIFICACIÓN DECIMAL UNIVERSAL
Número de la Clasificación Decimal Universal 37.011
080 ## - NÚMERO DE LA CLASIFICACIÓN DECIMAL UNIVERSAL
Número de la Clasificación Decimal Universal 329.285
100 1# - ENTRADA PRINCIPAL--NOMBRE DE PERSONA
Nombre de persona Martín Luengo, Josefa,
Fechas asociadas al nombre 1944-2009
9 (RLIN) 77547
245 13 - MENCIÓN DEL TÍTULO
Título La escuela de la anarquía /
Mención de responsabilidad, etc. Josefa Martín Luengo, "Colectivo Paideia".
260 ## - PUBLICACIÓN, DISTRIBUCIÓN, ETC.
Lugar de publicación, distribución, etc. Madrid :
Nombre del editor, distribuidor, etc. Madre Tierra,
Fecha de publicación, distribución, etc. [1993]
300 ## - DESCRIPCIÓN FÍSICA
Extensión 89 p. ;
Dimensiones 20 cm.
490 1# - MENCIÓN DE SERIE
Mención de serie Cuadernos libertarios ;
Designación de volumen o secuencia 10
650 #4 - PUNTO DE ACCESO ADICIONAL DE MATERIA--TÉRMINO DE MATERIA
Término de materia o nombre geográfico como elemento de entrada Educación-
Subdivisión general Filosofía.
9 (RLIN) 12079
650 #7 - PUNTO DE ACCESO ADICIONAL DE MATERIA--TÉRMINO DE MATERIA
Término de materia o nombre geográfico como elemento de entrada Anarquismo
Fuente del encabezamiento o término embne
9 (RLIN) 9783
830 0# - PUNTO DE ACCESO ADICIONAL DE SERIE-TÍTULO UNIFORME
Título uniforme Colección Cuadernos libertarios (Madre Tierra)
Designación de volumen o secuencia 10
9 (RLIN) 179813
852 ## - LOCALIZACIÓN
Ubicación ES-MaACL
Número de control de estantería 2169-F-8
Sublocalización o colección R.122526
Holdings
Estatus retirado Estado de pérdida Estado de daño No para préstamo Colección Biblioteca de origen Biblioteca actual Ubicación en estantería Fecha de adquisición Fuente de adquisición Total de préstamos Signatura topográfica completa Código de barras Visto por última vez Precio de reemplazo Tipo de ítem Koha
        Colección de folletos Biblioteca del Ateneo de Madrid Biblioteca del Ateneo de Madrid Depósito folletos 17/01/2008     2169-F-8 1070192 23/02/2023 23/02/2023 Folleto